000 00407nam a22001697a 4500
005 20180725150757.0
008 160615b xxu||||| |||| 00| 0 eng d
020 _a81-7446-442-5
041 _aeng
082 _b7713
_a658.3
100 _aSingh, Kavita
_91968
245 _aOrganisation Change and development
260 _bExcel book
_c2005
300 _a377p,
650 _aManagement
_9241
942 _cBK
999 _c2757
_d2756